MDQL
is popping MORE tags! Check the
thread
!
Quizzes
Events
Quiz Creation
Community
Videos
Private Events
Remove Ads
Sign In
Join for FREE
Feedback
Dark Mode
Quiz Categories
Sports
Geography
Music
Movies
Television
Just For Fun
Miscellaneous
History
Literature
Language
Science
Gaming
Entertainment
Religion
Holiday
For Kids
Quiz Lab
Recent
Popular Today
Quiz Kudos Today
Editor Picks
Curator Picks
Quizzes by...
Day
Popularity
Type
Ratings
Length
Year
Community
Subscriptions
Recent Discussions
Orange Saloon
Badges
Playlists
Quests
Create
Leaderboards
Showdown
Live 5
Trivia Bingo
Activity
Puzzle Library
Sporcle Events
Private Events
Virtual Trivia
Globe League
Become a Host
Pub Owners
SporcleCon
Opinionation
Our Games
Videos
Blog
Mobile Apps
Partnerships
Remove Ads and Go Orange
Feedback
Gaming
Video Games
Board Games
Card Games
Pokémon
Mario
Nintendo
Minecraft
Console
Toys
Legend of Zelda
Gaming
Video Games
Board Games
Card Games
Pokémon
Mario
Nintendo
Minecraft
Console
Toys
Legend of Zelda
Random Quiz
Search Sporcle
×
Quiz Lab
Quiz Lab
Gaming
NFL
Type in answers that appear in a list
Type in answers that appear in a list
Classic
Best Score? Go Orange.
Madden NFL 12 Achievements Stats
Can you name the Madden NFL 12 Achievements?
By
surge3b
6m
36 Questions
12 Plays
12 Plays
12 Plays
Comments
Comments
Give Quiz Kudos
Give Quiz Kudos
-
- Ratings
hide this ad
Random Order
Randomize order of answers
Randomize order of answers
Replay
Link that replays current quiz
Next Quiz
Link to next quiz in quiz playlist
You Got
0%
They Got
Avg Score
54%
Avg Friend Score
Upgrade to see
Score Distribution
Jump to the score distribution portion of the page
Score
0/36
Timer
06:00
0
Plays Today
Achievement Description
Achievement
% Correct
Score a 40+ yard TD run with a QB
Tim Tebow Award
66.7%
Kick a 60+ yard FG
Dan Carpenter Award
66.7%
Win a FA bidding in Franchise Mode
Winning
66.7%
Make a MUT trade
Wheel and Deal
66.7%
Have a passer rating of 149+ in a game
Tom Brady Award
66.7%
Rush for 130+ yards with your QB
Michael Vick Award
58.3%
Catch 14+ passes in a game with one player
Reggie Wayne Award
58.3%
Hold your opponent to under 67 yds of total offense
San Diego Chargers Award
58.3%
Score on an 80+ yard TD run
Adrian Peterson Award
58.3%
Win by 45 points or more
Oakland Raiders Award
58.3%
Catch a 99 yard TD pass with Greg Jennings
Put Da Team On My Back
58.3%
Catch a 92+ yard TD pass
Mario Manningham Award
58.3%
Return an interception 100+ yards
Bryan McCann Award
58.3%
Return 2+ kicks for touchdows in one game with one player
Leon Washington Award
58.3%
Create a MUT team
This One is Easy
58.3%
Create and NFL Superstar
The Next Big Thing
58.3%
Build an 80 rated MUT team
This One is Hard
58.3%
Complete 20 MUT games
MUT Maniac
58.3%
Achievement Description
Achievement
% Correct
Score 20 points in a game and celebrate 20 years of EA Sports
Happy 20th EA Sports
58.3%
Rush for 184+ yards in one game with Peyton Hillis
Peyton Hillis Award
58.3%
Intercept 4+ passes in one game
DeAngelo Hall Award
58.3%
Have 2 pick 6's in the same game
David Bowens Award
58.3%
Gain over 100+ yards rushing with 2 RBs in the same game
New York Jets Award
58.3%
Gain 154+ yards recieving with Jahvid Best
Jahvid Best Award
58.3%
Gain 225+ yards with one player
Kenny Britt Award
50%
Catch a game winning TD pass in OT
Santonio Holmes Award
50%
Catch 3+ TD passes with a TE in a game
Rob Gronkowski Award
50%
Record 10+ sacks as a team in one game
New York Giants Award
50%
Complete a practice in Superstar mode
We're Talking About Practice
50%
Score 50 points in one game
Verizon Scoreboard Overload
50%
User completed one season's final cut day in Franchise Mode
Hey, Can I Talk to You?
50%
Rush for 231+ yards in a game with on player
Arian Foster Award
41.7%
Return a punt for a TD
DeSean Jackson Award
41.7%
Score 4+ rushing TDs in a single game
Darren McFadden Award
33.3%
Pass for 497+ yards in one game with one player
Matt Schaub Award
33.3%
Complete 10 MUT games
Ultimate Veteran
8.3%
Quiz Playlist
Details
Report
Send in Message
Add To Playlist
Classic:
Type in answers that appear in a list
Random Order:
Randomize order of answers
Quiz Source
Last Updated: Feb 16, 2017
Quiz Scoreboard
CHALLENGE
Sign Up to Join the Scoreboard
Show All
Scores
Hide
Comments
May contain spoilers
Recently Published
Find the 'City' Movie
by crazypaving
Movies
60s
5x2 Blitz: Bands
by SL_Kpop136
Music
30s
Colored Red Africa Blitz
by spor1
Geography
30s
More to Explore
Quiz From the Vault
Featured Blog Post
14 Easter Pick-up Lines to Find Eggs With
hide this ad
You Might Also Like...
Tags
NFL Quiz
Achievement
description
madden
Xbox
Xbox 360
Today's Top Quizzes in Gaming
Browse Gaming
hide this ad
Today's Top Quizzes in NFL
Browse NFL
Top Contributed Quizzes in Gaming
1
Dead By Daylight Logic Puzzle
2
Destiny 2 exotic weapons by perk icons
3
League of Legends Pro Players by Career/Team History
4
Genshin Impact Logic Puzzle Quiz II
5
Windmill: Elements
6
Minecraft Typing Challenge
7
Pokémon Spelling Bee
8
Genshin murder mystery
9
Legendary or Exotic?
10
Overwatch 2: Ultimate Ability Icons
Explore More
Trending Topics
Kpop
NBA
Harry Potter
Disney
Crossword
Anime
Marvel
The Office
Country
Pokémon
NFL
Song
WWE
Puzzle
Soccer
hide this ad
More By:
surge3b
Quiz
Plays
Rating
Category
Featured
Created
Pantera Songs by Opening Lines
756
5.00
Music
Apr 15, 2012
Saints Row: The Third Activities
233
5.00
Gaming
Nov 11, 2012
The Best of Pantera
188
5.00
Music
Apr 16, 2012
The 100 Greatest Metal Songs
167
2.50
Music
Apr 13, 2012
Xbox 360 Games That Sold 1 Million Copies
165
3.40
Gaming
Oct 20, 2011
Go to Creator's Profile
Score Distribution
Quiz Creator Spotlight
surge3b
Follow
Send a Message
Quizzes Created
-
Created Quiz Play Count
-
More By This Creator
Popular Quizzes Today
1
Find the 'City' Movie
2
Colored Red Africa Blitz
3
5x2 Blitz: Bands
4
Find the US States - No Outlines Minefield
5
The Countries of the World
6
Find the US States
7
US States
8
9x9 Crossword: Cartoon Network
More Gaming Quizzes
This Game Is Not Suitable for Children
Published
Trending Quizzes
Colored Red Europe Blitz I
Colored Red Africa Blitz II
Colored Red Europe Blitz II
Colored Red Europe Blitz III
Colored Red Africa Blitz III
Recently Updated
Famous TV Couples
Peacemaker
Champions League XIs: Real Madrid
pecheneg
Largest US Cities 1790-2010
pecheneg
Rides in Walt Disney World
pecheneg
Most Oscar Losses (Acting)
pecheneg
Beyoncé Albums
pecheneg
Leaping Animals
pecheneg
Reality TV Shows (A-Z)
bhenderson79
Rickey Henderson's Hall of Fame Teammates
pecheneg
Champions League XIs: Arsenal
pecheneg
Trending Topics
Disney
Anime
Harry Potter
Marvel
NBA
Crossword
Kpop
Country
NFL
WWE
Puzzle
Pokémon
The Office
Soccer
Song
Your Account Isn't Verified!
In order to create a playlist on Sporcle, you need to verify the email address you used during registration. Go to your
Sporcle Settings
to finish the process.
Report this User
Report this user for behavior that violates our
Community Guidelines
.
Details:
Send Report
Go to the Sporcle.com Mobile Site →
Comments